Statistics for Provinces of Denmark

Click here to take the quiz!

General Stats

  • This quiz has been taken 64 times
  • The average score is 3 of 15

Answer Stats

CapitalAnswer% Correct
TorshawnFaroe Islands
56%
CopenhagenCopenhagen
49%
RunneBornholm
36%
AarhusAarhus
27%
ViborgViborg
24%
RibeRibe
20%
HaderslevSouth Jutland
20%
OdenseFunen
18%
RingkobingRingkobing
15%
KogoRoskilde
15%
VejieVejie
15%
HillerodFrederiksborg
11%
NykobingStorstrom
11%
SoroWest Zealand
7%
AlborgNorth Judland
4%

Score Distribution

Percentile by Number Answered

Percent of People with Each Score

Your Score History

You have not taken this quiz